|
|
|
|
| LEADER |
00000nam1a2200000 4500 |
| 001 |
303700 |
| 005 |
20231102001629.0 |
| 035 |
|
|
|a (RuTPU)RU\TPU\book\328927
|
| 090 |
|
|
|a 303700
|
| 100 |
|
|
|a 20150904d19251928k y0rusy50 ca
|
| 101 |
0 |
|
|a rus
|a eng
|
| 102 |
|
|
|a RU
|
| 200 |
1 |
|
|a Хибинские и Ловозерские тундры
|e в 2 т.
|f Институт по изучению Севера ; под ред. А. Е. Ферсмана
|
| 210 |
|
|
|a Москва
|c Научно-технический отдел ВСНХ
|d 1925-1928
|
| 702 |
|
1 |
|a Ферсман
|b А. Е.
|c российский минералог и геохимик
|f 1883-1945
|g Александр Евгеньевич
|2 stltpush
|3 (RuTPU)RU\TPU\pers\12109
|4 340
|9 3174
|
| 712 |
0 |
2 |
|a Институт по изучению Севера
|c (1925-1930)
|2 stltpush
|3 (RuTPU)RU\TPU\col\23583
|9 28374
|
| 801 |
|
1 |
|a RU
|b 63413507
|c 20150904
|
| 801 |
|
2 |
|a RU
|b 63413507
|c 20180215
|g RCR
|
| 942 |
|
|
|c BK
|